Estómago e intestinos (Record no. 149945)

MARC details
000 -LEADER
campo de control de longitud fija 00670nam a2200205 i 4500
001 - NÚMERO DE CONTROL
campo de control 149945
003 - IDENTIFICADOR DE NÚMERO DE CONTROL
campo de control ES-MaACL
005 - FECHA Y HORA DE LA ÚLTIMA TRANSACCIÓN
campo de control 20230906203323.0
007 - CAMPO FIJO DE DESCRIPCIÓN FÍSICA--INFORMACIÓN GENERAL
campo de control de longitud fija t|
008 - DATOS DE LONGITUD FIJA--INFORMACIÓN GENERAL
campo de control de longitud fija 071025s1952 sp ||||1| spa d
100 1# - ENTRADA PRINCIPAL--NOMBRE DE PERSONA
Nombre de persona Vander, Adrianus.
9 (RLIN) 113059
245 10 - MENCIÓN DEL TÍTULO
Título Estómago e intestinos
Resto del título : curación de sus enfermedades /
Mención de responsabilidad, etc. A. Vander.
250 ## - MENCION DE EDICION
Mención de edición Nueva edición.
260 ## - PUBLICACIÓN, DISTRIBUCIÓN, ETC.
Lugar de publicación, distribución, etc. Barcelona :
Nombre del editor, distribuidor, etc. Vander,
Fecha de publicación, distribución, etc. [1952]
300 ## - DESCRIPCIÓN FÍSICA
Extensión 160 p., 16 lám. ;
Dimensiones 18 cm.
650 #4 - PUNTO DE ACCESO ADICIONAL DE MATERIA--TÉRMINO DE MATERIA
Término de materia o nombre geográfico como elemento de entrada Estómago-
Subdivisión general Enfermedades-
-- Tratamiento.
9 (RLIN) 166044
650 #4 - PUNTO DE ACCESO ADICIONAL DE MATERIA--TÉRMINO DE MATERIA
Término de materia o nombre geográfico como elemento de entrada Intestinos-
Subdivisión general Enfermedades-
-- Tratamiento.
9 (RLIN) 166045
650 #4 - PUNTO DE ACCESO ADICIONAL DE MATERIA--TÉRMINO DE MATERIA
Término de materia o nombre geográfico como elemento de entrada Dietas de adelgazamiento.
9 (RLIN) 166046
852 ## - LOCALIZACIÓN
Ubicación ES-MaACL
Número de control de estantería C-14460
Sublocalización o colección R.42095
Holdings
Estatus retirado Estado de pérdida Estado de daño No para préstamo Biblioteca de origen Biblioteca actual Ubicación en estantería Fecha de adquisición Fuente de adquisición Total de préstamos Signatura topográfica completa Código de barras Visto por última vez Precio de reemplazo Tipo de ítem Koha
        Biblioteca del Ateneo de Madrid Biblioteca del Ateneo de Madrid Ficheros 17/01/2008     C-14460 1156465 23/02/2023 23/02/2023 Libro impreso